Školenie svetelných technikov
Guardado en:
| Autores principales: | , |
|---|---|
| Formato: | Conjunto Libro |
| Lenguaje: | eslovaco |
| Publicado: |
Bratislava :
TYPHOON,
2004
|
| Materias: | |
| Etiquetas: |
Sin Etiquetas, Sea el primero en etiquetar este registro!
|
MARC
| LEADER | 00000npm a22000003a 4500 | ||
|---|---|---|---|
| 001 | stu92727 | ||
| 005 | 20150617225617.1 | ||
| 008 | 050202s2004------------------------slo-d | ||
| 040 | |a STU |b slo | ||
| 041 | 0 | |a slo | |
| 100 | 1 | |a Smola, Alfonz, |d 1951- |4 aut |u E020 |U FEI Fakulta elektrotechniky a informatiky |T FEI Ústav elektroenergetiky a aplikovanej elektrotechniky |X 1989 |U E020 |Y 548 |7 A000001989 | |
| 245 | 1 | |a Školenie svetelných technikov | |
| 260 | |a Bratislava : |b TYPHOON, |c 2004 | ||
| 300 | |a CD-ROM | ||
| 650 | 7 | |a svetelná technika |2 stusub | |
| 700 | 1 | |a Gašparovský, Dionýz, |d 1971- |4 aut |u E020 |U FEI Fakulta elektrotechniky a informatiky |T FEI Ústav elektroenergetiky a aplikovanej elektrotechniky |X 1935 |U E020 |Y 548 |7 A000001935 | |
| 996 | |b ECD-602 |c E*CD-602 |l EE0102 |s P |a 0 |w stu92727_0001 | ||